000 00504nam a2200181Ia 4500
005 20250326124203.0
008 250326s9999 xx 000 0 und d
037 _aTextbook
040 _aFMSL
_beng
_cFMSL
041 _aeng
_2eng
084 _aX:51 K8;3
_qFMSL
100 _aBowersox D J
_9736770
245 0 _aPhysical distribution management
_cBowersox D J; Londe B J L
260 _aNY
_bNY, Macmillan
_c1968
300 _a469p
942 _cTB
_hX:51 K8;3
999 _c1272641
_d1272641